<?xml version="1.0" encoding="UTF-8"?>
<record
    xmlns:xsi="http://www.w3.org/2001/XMLSchema-instance"
    xsi:schemaLocation="http://www.loc.gov/MARC21/slim http://www.loc.gov/standards/marcxml/schema/MARC21slim.xsd"
    xmlns="http://www.loc.gov/MARC21/slim">

  <leader>01410nam a2200289 i 4500</leader>
  <controlfield tag="001">22164</controlfield>
  <controlfield tag="003">ES-MaACL</controlfield>
  <controlfield tag="005">20260201161307.0</controlfield>
  <controlfield tag="007">t|</controlfield>
  <controlfield tag="008">021223s1847    sp           ||||1| spa d</controlfield>
  <datafield tag="080" ind1=" " ind2=" ">
    <subfield code="a">918.2+918.99"17"</subfield>
  </datafield>
  <datafield tag="100" ind1="1" ind2=" ">
    <subfield code="a">Azara, F&#xE9;lix de,</subfield>
    <subfield code="d">1742-1821</subfield>
    <subfield code="9">24234</subfield>
  </datafield>
  <datafield tag="245" ind1="1" ind2="0">
    <subfield code="a">Memorias sobre el estado rural del R&#xED;o de la Plata en 1801 : </subfield>
    <subfield code="b">demarcaci&#xF3;n de l&#xED;mites entre el Brasil y el Paraguay a &#xFA;ltimos del siglo XVII e informes sobre varios particulares de la Am&#xE9;rica meridional espa&#xF1;ola / </subfield>
    <subfield code="c">escritos p&#xF3;stumos de D. F&#xE9;lix de Azara... ; los publica su sobrino D. Agust&#xED;n de Azara ; bajo la direcci&#xF3;n de D. Basilio Sebasti&#xE1;n Castellanos de Losada.</subfield>
  </datafield>
  <datafield tag="260" ind1=" " ind2=" ">
    <subfield code="a">Madrid : </subfield>
    <subfield code="b">[s.n.], </subfield>
    <subfield code="c">1847 (</subfield>
    <subfield code="f">Imp. de Sanchiz)</subfield>
  </datafield>
  <datafield tag="300" ind1=" " ind2=" ">
    <subfield code="a">VIII, 232 p. [1] h. de l&#xE1;m. ; </subfield>
    <subfield code="c">22 cm.</subfield>
  </datafield>
  <datafield tag="500" ind1=" " ind2=" ">
    <subfield code="a">Retr. de F&#xE9;lix de Azara.</subfield>
  </datafield>
  <datafield tag="530" ind1=" " ind2=" ">
    <subfield code="a">Disponible en formato digital.</subfield>
  </datafield>
  <datafield tag="650" ind1=" " ind2="4">
    <subfield code="a">Indios de Am&#xE9;rica del Sur.</subfield>
    <subfield code="9">158618</subfield>
  </datafield>
  <datafield tag="651" ind1=" " ind2="4">
    <subfield code="a">R&#xED;o de la Plata (Virreinato)-</subfield>
    <subfield code="v">Historia.</subfield>
    <subfield code="9">137351</subfield>
  </datafield>
  <datafield tag="651" ind1=" " ind2="4">
    <subfield code="a">Brasil-</subfield>
    <subfield code="x">Fronteras-</subfield>
    <subfield code="z">Paraguay.</subfield>
    <subfield code="9">153310</subfield>
  </datafield>
  <datafield tag="651" ind1=" " ind2="4">
    <subfield code="a">Paraguay-</subfield>
    <subfield code="x">Fronteras-</subfield>
    <subfield code="z">Brasil.</subfield>
    <subfield code="9">153311</subfield>
  </datafield>
  <datafield tag="700" ind1="1" ind2=" ">
    <subfield code="a">Azara, Agust&#xED;n de, </subfield>
    <subfield code="d">1801-</subfield>
    <subfield code="9">155373</subfield>
  </datafield>
  <datafield tag="700" ind1="1" ind2=" ">
    <subfield code="a">Castellanos de Losada, Basilio Sebasti&#xE1;n,</subfield>
    <subfield code="d">1807-1891</subfield>
    <subfield code="9">36540</subfield>
  </datafield>
  <datafield tag="852" ind1="4" ind2=" ">
    <subfield code="a">ES-MaACL</subfield>
    <subfield code="j">T-26-F-3</subfield>
  </datafield>
  <datafield tag="856" ind1="4" ind2=" ">
    <subfield code="u">https://archive.org/details/memoriassobreel00losagoog/page/n9 </subfield>
    <subfield code="z">Internet Archive</subfield>
  </datafield>
  <datafield tag="999" ind1=" " ind2=" ">
    <subfield code="c">22164</subfield>
    <subfield code="d">22164</subfield>
  </datafield>
  <datafield tag="952" ind1=" " ind2=" ">
    <subfield code="0">0</subfield>
    <subfield code="1">0</subfield>
    <subfield code="4">0</subfield>
    <subfield code="7">0</subfield>
    <subfield code="8">Colecci&#xF3;n_de_folletos</subfield>
    <subfield code="a">ATENEOM</subfield>
    <subfield code="b">ATENEOM</subfield>
    <subfield code="c">DEPOF</subfield>
    <subfield code="d">2008-01-17</subfield>
    <subfield code="e">SC</subfield>
    <subfield code="l">0</subfield>
    <subfield code="o">T-26-F-3</subfield>
    <subfield code="p">1022799</subfield>
    <subfield code="r">2023-02-23 00:00:00</subfield>
    <subfield code="w">2023-02-23</subfield>
    <subfield code="y">FOLLETOS</subfield>
  </datafield>
</record>
